| 000 -NÁVESTIE |
| fixed length control field |
01585nam a2200421 a 4500 |
| 008 - ÚDAJE S PEVNOU DĹŽKOU – VŠEOBECNÉ INFORMÁCIE |
| fixed length control field |
081016s2008||||xo ol g 000 0 slo d |
| 020 ## - MEDZINÁRODNÉ ŠTANDARDNÉ ČÍSLO KNIHY (ISBN) |
| Medzinárodné štandardné číslo knihy (ISBN) |
9788089169146 |
| Qualifying information |
(viaz.) |
| Údaje o dostupnosti |
100 |
| 040 ## - ZDROJ KATALOGIZÁCIE |
| Pôvodná katalogizujúca agentúra |
SNK |
| Jazyk katalogizácie |
slo |
| Prepisujúca agentúra |
SNK |
| Konvencie popisu |
AACR2 |
| 041 0# - KÓD JAZYKA |
| Kód jazyka textu/zvukovej stopy alebo samostatných nápisov |
slo |
| -- |
eng |
| 043 ## - |
| -- |
e-xo--- |
| 044 ## - KÓD KRAJINY VYDAVATEĽA/PRODUCENTA |
| Kód krajiny ISO |
SK |
| 072 #7 - KÓD PREDMETOVEJ KATEGÓRIE |
| Kód predmetovej kategórie |
355/359 |
| Pododdiel kódu predmetovej kategórie |
Vojenstvo. Obrana krajiny. Ozbrojené sily |
| Zdroj |
konspekt |
| 080 ## - ČÍSLO MEDZINÁRODNÉHO DESATINNÉHO TRIEDENIA (MDT) |
| Číslo Medzinárodného desatinného triedenia (MDT) |
355.1 |
| Identifikátor vydania |
2001 |
| 080 ## - ČÍSLO MEDZINÁRODNÉHO DESATINNÉHO TRIEDENIA (MDT) |
| Číslo Medzinárodného desatinného triedenia (MDT) |
(437.6) |
| Identifikátor vydania |
2001 |
| 080 ## - ČÍSLO MEDZINÁRODNÉHO DESATINNÉHO TRIEDENIA (MDT) |
| Číslo Medzinárodného desatinného triedenia (MDT) |
(048.8) |
| Identifikátor vydania |
2001 |
| 080 ## - ČÍSLO MEDZINÁRODNÉHO DESATINNÉHO TRIEDENIA (MDT) |
| Číslo Medzinárodného desatinného triedenia (MDT) |
(084.12) |
| Identifikátor vydania |
2001 |
| 080 ## - ČÍSLO MEDZINÁRODNÉHO DESATINNÉHO TRIEDENIA (MDT) |
| Číslo Medzinárodného desatinného triedenia (MDT) |
355.02 |
| Identifikátor vydania |
2001 |
| 080 ## - ČÍSLO MEDZINÁRODNÉHO DESATINNÉHO TRIEDENIA (MDT) |
| Číslo Medzinárodného desatinného triedenia (MDT) |
005.931 |
| Identifikátor vydania |
2001 |
| 044 ## - KÓD KRAJINY VYDAVATEĽA/PRODUCENTA |
| Kód krajiny MARC |
xo |
| Kód krajiny ISO |
SK |
| 100 1# - OSOBNÉ MENÁ – VŠEOBECNÉ INFORMÁCIE |
| Osobné meno |
Purdek, Imrich |
| 245 10 - NÁZOV |
| Názov |
V službách vlasti, demokracie a mieru |
| Zvyšok názvu |
15 rokov Ozbrojených síl Slovenskej republiky : 1993 - 2008 |
| Údaj o zodpovednosti atď. |
vedúci autorského kolektívu: Imrich Purdek ; spoluautori Ján Lichner ... [et al.] ; [preklad do anglického jazyka: Ľubomír Ondruš] |
| 246 11 - INÁ FORMA NÁZVU |
| Hlavný názov/skrátený názov |
In the service of country, democracy and peace |
| 250 ## - ÚDAJ O PORADÍ VYDANIA |
| Údaj o poradí vydania |
1. slov.-angl. vyd. |
| 260 ## - VYDAVATEĽSKÉ ÚDAJE, DISTRIBÚCIA ATĎ. |
| Miesto publikovania, distribúcie atď. |
[Bratislava] |
| Názov vydavateľa, distibútora atď. |
Magnet Press Slovakia |
| Dátum publikovania, distribúcie atď. |
2008 |
| 300 ## - FYZICKÝ POPIS |
| Rozsah |
303 s. |
| Ďalšie fyzické detaily |
fotogr. (prevažne fareb.), sch. |
| Rozmery |
22 x 31 cm |
| 490 1# - EDÍCIA |
| Edícia |
Zlatá edícia: Ozbrojené sily Slovenskej republiky |
| 500 ## - VŠEOBECNÁ POZNÁMKA |
| Formátovaná poznámka o obsahu |
Miesto vyd. podľa ISBN |
| 500 ## - VŠEOBECNÁ POZNÁMKA |
| Formátovaná poznámka o obsahu |
Spoluvydav. Vojenský historický ústav Bratislava |
| 504 ## - |
| -- |
Bibliogr. s. 302 |
| 610 17 - PRIDANÝ VSTUP – PREDMET – KORPORATÍVNE MENO |
| Korporatívne meno alebo meno jurisdikcie ako vstupný prvok |
Slovensko. |
| Podriadená jednotka |
Armáda |
| Zdroj hesla alebo termínu |
SNKKA |
| 650 07 - PRIDANÝ VSTUP – PREDMET – TEMATICKÉ HESLO |
| Tematické heslo alebo geografický názov ako vstupný prvok |
ozbrojené sily |
| Zdroj hesla alebo termínu |
SNKPH |
| 650 07 - PRIDANÝ VSTUP – PREDMET – TEMATICKÉ HESLO |
| Tematické heslo alebo geografický názov ako vstupný prvok |
vojenská politika |
| Zdroj hesla alebo termínu |
SNKPH |
| 650 07 - PRIDANÝ VSTUP – PREDMET – TEMATICKÉ HESLO |
| Tematické heslo alebo geografický názov ako vstupný prvok |
národná bezpečnosť |
| Zdroj hesla alebo termínu |
SNKPH |
| 650 07 - PRIDANÝ VSTUP – PREDMET – TEMATICKÉ HESLO |
| Tematické heslo alebo geografický názov ako vstupný prvok |
krízový manažment |
| Zdroj hesla alebo termínu |
SNKPH |
| 651 #7 - PRIDANÝ VSTUP – PREDMET – GEOGRAFICKÝ NÁZOV |
| Geografický názov |
Slovensko |
| Zdroj hesla alebo termínu |
SNKPH |
| 700 1# - PRIDANÝ VSTUP – OSOBNÉ MENO |
| Osobné meno |
Lichner, Ján |
| Kód roly |
aut |
| 700 1# - PRIDANÝ VSTUP – OSOBNÉ MENO |
| Osobné meno |
Ondruš, Ľubomír |
| Kód roly |
trl |